000 00388nam a2200145Ia 4500
008 220217s9999||||xx |||||||||||||| ||und||
020 _a0-07-047371-4
082 _a006.6 ROG
100 _aRogers, David, F
_93026
245 0 _aProcedural elements for computer graphics
250 _a2nd
260 _aTata mcgraw hill
_bNew Delhi
_c2002
300 _b295
650 _aMULTIMEDIA
999 _c172451
_d172451